Fyzikálna chémia 1 Pre potravinársko-biochemický smer

Bibliographic Details
Main Author: Ulický, Ladislav, 1931- (Author)
Format: Book
Language:Slovak
PhysicalDescription:187 s., 10,651 AH Tb. Sch. 29 cm
Published: Bratislava Slovenská vysoká škola technická 1984
Edition:1. vyd.

MARC

LEADER 00000nam a2200000 a 4500
001 vtls001118843
003 SK-MaSNL
005 20260301105016.0
008 250414s1984 xo 0 slo
015 |a SNBA1984/07 
035 |a SNK000061686 
040 |a SNK  |b slo  |c SNK  |e AACR2 
041 0 |a slo 
044 |a xo  |c SK 
080 |a 541.1(075.8)  |2 1981 
100 1 |a Ulický, Ladislav,  |d 1931-  |4 aut  |9 224339 
245 1 0 |a Fyzikálna chémia 1  |b Pre potravinársko-biochemický smer  |c Ladislav Ulický 
250 |a 1. vyd. 
260 |a Bratislava  |b Slovenská vysoká škola technická  |c 1984  |e Bratislava  |f Edičné stredisko SVŠT 
300 |a 187 s., 10,651 AH  |b Tb. Sch.  |c 29 cm 
366 |e 400 výtl. 
500 |a Zákl. údaje o najdôlež. osobnostiach. Schválilo MŠ SSR ako skriptum. Rozmn. 
852 |a Slovenská národná knižnica 
954 |a chémia fyzikálna 
958 |a OND 
999 |c 699751  |d 701681 
952 |a SNK  |b SNK  |y PREZ  |7 0  |p 17A0772262  |o snkSB 37942/1  |0 0  |1 0  |4 0  |d 2012-05-09  |f 1  |l 0  |r 2025-04-22 00:00:00  |w 2026-02-23 
952 |t P60, <04>, [BOOK], {604}  |a SNK  |b SNK  |y VYP  |7 0  |p 17A0167471  |o snkSB 37942/1 D1  |0 0  |1 0  |4 0  |d 1998-11-02  |l 0  |r 2004-12-31 00:00:00  |w 2026-02-23